000 02643cam a22005414a 4500
001 muse81261
003 MdBmJHUP
005 20210127151515.0
006 m o d
007 cr||||||||nn|n
008 190702s2020 nyu o 00 0 eng d
010 _z 2019028606
020 _a9781501748035
020 _z9781501748011
035 _a(OCoLC)1110149772
040 _aMdBmJHUP
_cMdBmJHUP
043 _an-us---
_ae------
050 0 4 _aHV6341
_b.H34 2020
082 0 _a364.1/3380973
_223
100 1 _aHakelberg, Lukas,
_d1985-
_eauthor.
245 1 4 _aThe Hypocritical Hegemon
_bHow the United States Shapes Global Rules against Tax Evasion and Avoidance /
_cLukas Hakelberg.
264 1 _bCornell University Press,
264 3 _bProject MUSE,
300 _a1 online resource (pages cm.)
490 0 _aCornell studies in money
504 _aIncludes bibliographical references and index.
505 0 _aChange and Stability in Global Tax Policy -- Power in International Tax Politics -- Countering Harmful Tax Practices -- The Swift Return of Tax Competition -- The Emergence of Multilateral AEI -- The BEPS Project : Long Live Arm's Length -- From Hegemony to Transatlantic Tax Battle?
506 0 _aOpen Access
_fUnrestricted online access
_2star
520 _a"US domestic politics determine the course of global tax policy because internal division prevents the European Union from challenging American hegemony in underlying negotiations"--
_cProvided by publisher.
588 _aDescription based on print version record.
650 0 _aConfidential communications
_xBanking
_zEuropean Union countries.
650 0 _aBanks and banking, Foreign
_xLaw and legislation
_zUnited States.
650 0 _aTax administration and procedure
_xInternational cooperation.
650 0 _aTax evasion (International law)
650 0 _aTaxation
_xPolitical aspects
_zEuropean Union countries.
650 0 _aTaxation
_xPolitical aspects
_zUnited States.
650 0 _aTax evasion
_zEuropean Union countries.
650 0 _aTax evasion
_zUnited States.
655 7 _aElectronic books.
_2local
776 1 8 _iOnline version:
_tThe hypocritical hegemon.
_dIthaca [New York] : Cornell University Press, 2020
_z9781501748028
_w(DLC) 2019028607
710 2 _aProject Muse.
_edistributor
830 0 _aBook collections on Project MUSE.
856 4 0 _zFull text available:
_uhttps://muse.jhu.edu/book/73083/
999 _c25984
_d25984